Economic differentiations and tribal identity (Record no. 354102)

000 -LEADER
fixed length control field 00433cam a22001337a 4500
008 - FIXED-LENGTH DATA ELEMENTS--GENERAL INFORMATION
fixed length control field 180718b1984 xxu||||| |||| 00| 0 eng d
082 ## - DEWEY DECIMAL CLASSIFICATION NUMBER
Classification number BA27x5441 Sh13e
100 ## - MAIN ENTRY--PERSONAL NAME
Personal name Shah, Ghanshyam
245 ## - TITLE STATEMENT
Title Economic differentiations and tribal identity
Statement of responsibility, etc. by Ghanshyam Shah
260 ## - PUBLICATION, DISTRIBUTION, ETC.
Place of publication, distribution, etc. Delhi
Name of publisher, distributor, etc. Ajanta
Date of publication, distribution, etc. 1984
300 ## - PHYSICAL DESCRIPTION
Extent 152p.
650 ## - SUBJECT ADDED ENTRY--TOPICAL TERM
Topical term or geographic name entry element Chaudri (Indic people) --Social conditions.
650 ## - SUBJECT ADDED ENTRY--TOPICAL TERM
Topical term or geographic name entry element Chaudri (Indic people) --Economic conditions
Holdings
Withdrawn status Lost status Damaged status Not for loan Permanent Location Current Location Date acquired Full call number Barcode Date last seen Price effective from Koha item type
        Indian Institute of Public Administration Indian Institute of Public Administration 1993-12-07 BA27x5441 Sh13e 60248 2018-07-21 2018-07-21 Book

Powered by Koha